The golden arrow / (Record no. 131129)

MARC details
000 -LEADER
fixed length control field 00597nam a22002297a 4500
005 - DATE AND TIME OF LATEST TRANSACTION
control field 20170124110123.0
010 ## - LIBRARY OF CONGRESS CONTROL NUMBER
LC control number 967814
020 ## - INTERNATIONAL STANDARD BOOK NUMBER
Terms of availability 00.00
035 ## - SYSTEM CONTROL NUMBER
System control number 967814
037 ## - SOURCE OF ACQUISITION
Source of stock number/acquisition Cen Lib/Ret
040 ## - CATALOGING SOURCE
Original cataloging agency DPL
Language of cataloging EN
082 ## - DEWEY DECIMAL CLASSIFICATION NUMBER
Classification number N
Item number WEB
100 ## - MAIN ENTRY--PERSONAL NAME
Personal name Webb, Mary
9 (RLIN) 27744
245 ## - TITLE STATEMENT
Title The golden arrow /
Statement of responsibility, etc by Mary Webb
246 ## - VARYING FORM OF TITLE
Remainder of title
260 ## - PUBLICATION, DISTRIBUTION, ETC. (IMPRINT)
Name of publisher, distributor, etc London
Place of publication, distribution, etc Jonathan Cape
Date of publication, distribution, etc 1946
270 ## - ADDRESS
City London
Address 30 Bedford Square
300 ## - PHYSICAL DESCRIPTION
Extent 288p.
Dimensions 18cm(Hb)
650 ## - SUBJECT ADDED ENTRY--TOPICAL TERM
Topical term or geographic name as entry element Man-woman relationships -- Fiction
9 (RLIN) 30931
650 ## - SUBJECT ADDED ENTRY--TOPICAL TERM
Topical term or geographic name as entry element Shropshire (England) -- Fiction
9 (RLIN) 30932
942 ## - ADDED ENTRY ELEMENTS (KOHA)
Source of classification or shelving scheme Dewey Decimal Classification
Koha item type English Books
Classification part N
Call number suffix WEB
Holdings
Withdrawn status Lost status Damaged status Not for loan Home library Current library Date acquired Source of acquisition Cost, normal purchase price Total Checkouts Full call number Barcode Date last seen Copy number Cost, replacement price Price effective from Koha item type Public note
Written off       Central Library Central Library 13/07/2015 Cen Lib/Ret 0.00   N WEB 967814 13/07/2015 1 0.00 13/07/2015 English Books Written off on approval by DLB (By Circulation); dtd 15-06-2023

© Delhi Public Library
Hit Counter
free hit counter